<?xml version="1.0" encoding="UTF-8"?>
<record
    xmlns:xsi="http://www.w3.org/2001/XMLSchema-instance"
    xsi:schemaLocation="http://www.loc.gov/MARC21/slim http://www.loc.gov/standards/marcxml/schema/MARC21slim.xsd"
    xmlns="http://www.loc.gov/MARC21/slim">

  <leader>03175nam a22002777a 4500</leader>
  <controlfield tag="003">DO-SdBJH</controlfield>
  <controlfield tag="005">20260626215605.0</controlfield>
  <controlfield tag="008">260624b2025    |||||||| |||| 00| 0 spa d</controlfield>
  <datafield tag="040" ind1=" " ind2=" ">
    <subfield code="a">DO-SdBJH</subfield>
    <subfield code="b">spa</subfield>
    <subfield code="c">DO-SdBJH</subfield>
  </datafield>
  <datafield tag="041" ind1="0" ind2=" ">
    <subfield code="a">spa</subfield>
  </datafield>
  <datafield tag="090" ind1=" " ind2=" ">
    <subfield code="a">CT CM-0018</subfield>
    <subfield code="b">AMBC 2025</subfield>
  </datafield>
  <datafield tag="100" ind1="1" ind2=" ">
    <subfield code="a">Ram&#xED;rez Do&#xF1;e, Rosely</subfield>
    <subfield code="e">sustentante</subfield>
  </datafield>
  <datafield tag="245" ind1="1" ind2="0">
    <subfield code="a">propuesta de un proyecto de mejora al sistema de intercomunicaci&#xF3;n de las uniades terrestres en la frontera dominico haitiano 2025 /</subfield>
    <subfield code="c">Rosely Ram&#xED;rez Do&#xF1;e, Olivo Ailin Yinet ; asesor metodol&#xF3;gico David Aguiar ; asesor de contenido Ogando Melvin.</subfield>
  </datafield>
  <datafield tag="260" ind1=" " ind2=" ">
    <subfield code="a">Santo Domingo, Rep&#xFA;blica Dominicana :</subfield>
    <subfield code="b">UNADE, </subfield>
    <subfield code="c">2025.</subfield>
  </datafield>
  <datafield tag="300" ind1=" " ind2=" ">
    <subfield code="a">xvi, 66, [21] p&#xE1;ginas.</subfield>
  </datafield>
  <datafield tag="502" ind1=" " ind2=" ">
    <subfield code="a">Tesis y trabajos de grado (Licenciatura en Ciencias Militares)--Universidad Nacional para la Defensa "General Juan Pablo Duarte y D&#xED;ez", Santo Domingo Este, 2025.</subfield>
  </datafield>
  <datafield tag="504" ind1=" " ind2=" ">
    <subfield code="a">Incluye referencias bibliogr&#xE1;ficas y anexos.</subfield>
  </datafield>
  <datafield tag="505" ind1=" " ind2=" ">
    <subfield code="a">Estado actual del sistema de intercomunicaciones utilizado por las unidades terrestres en la frontera Dominico-Haitiana -- Tecnolog&#xED;as y buenas pr&#xE1;cticas en sistemas de comunicaciones utilizados en entornos fronterizos similares a nivel internacional -- Introducci&#xF3;n a la propuesta, para mejorar sustancialmente el sistema de intercomunicaci&#xF3;n en la Frontera Dominico-Haitiana.</subfield>
  </datafield>
  <datafield tag="520" ind1=" " ind2=" ">
    <subfield code="a">La presente propuesta tiene como objetivo principal mejorar sustancialmente el sistema de intercomunicaci&#xF3;n de las unidades terrestres que operan en la frontera dominico haitiana durante el periodo 2024-2025. Actualmente, dichas unidades enfrentan limitaciones significativas debido a un sistema de comunicaci&#xF3;n obsoleto, con cobertura limitada, baja seguridad en las transmisiones y escasas interoperabilidad entre instituciones. A trav&#xE9;s de un an&#xE1;lisis exhaustivo del estado actual, la identificaci&#xF3;n de buenas practicas internacionales y la evaluaci&#xF3;n de tecnolog&#xED;as modernas aplicadas a entornos fronterizos, se desarrollo un plan integral que incorpora herramientas de comunicaci&#xF3;n digital, soluciones satelitales, capacitaci&#xF3;n t&#xE9;cnica, fortalecimiento de la infraestructura operativa. La propuesta contempla una implementaci&#xF3;n por fases, permitiendo as&#xED; la adaptaci&#xF3;n progresiva del personal y la validaci&#xF3;n de los sistemas en el terreno. Este proyecto no solo busca mejorar la eficacia de las operaciones fronterizas sino tambi&#xE9;n garantizar una mayor seguridad, coordinaci&#xF3;n y capacidad de respuestas ante situaciones cr&#xED;ticas. La modernizaci&#xF3;n del sistema de intercomunicaci&#xF3;n contribuir&#xE1; directamente al fortalecimiento de la seguridad nacional, la soberan&#xED;a y la protecci&#xF3;n de los ciudadanos en zonas lim&#xED;trofes.</subfield>
  </datafield>
  <datafield tag="650" ind1=" " ind2="7">
    <subfield code="2">lemb</subfield>
    <subfield code="a">Comunicaciones militares</subfield>
    <subfield code="v">Tesis y disertaciones acad&#xE9;micas</subfield>
    <subfield code="x">Innovaciones tecnol&#xF3;gicas</subfield>
    <subfield code="x">Sistemas de comunicaci&#xF3;n</subfield>
    <subfield code="z">Rep&#xFA;blica Dominicana</subfield>
  </datafield>
  <datafield tag="650" ind1=" " ind2="7">
    <subfield code="2">lemb</subfield>
    <subfield code="a">Vigilancia fronteriza</subfield>
    <subfield code="v">Tesis y disertaciones acad&#xE9;micas</subfield>
    <subfield code="x">Comunicaciones militares</subfield>
    <subfield code="x">Equipo y abastecimiento</subfield>
    <subfield code="z">Frontera dominico-haitiana</subfield>
  </datafield>
  <datafield tag="700" ind1="1" ind2=" ">
    <subfield code="a">Olivo Ailin Yinet</subfield>
    <subfield code="e">sustentante</subfield>
  </datafield>
  <datafield tag="700" ind1="1" ind2=" ">
    <subfield code="a">Aguiar, David</subfield>
    <subfield code="e">asesor metodol&#xF3;gico</subfield>
  </datafield>
  <datafield tag="700" ind1="1" ind2=" ">
    <subfield code="a">Melvin, Ogando</subfield>
    <subfield code="e">asesor de contenido</subfield>
  </datafield>
  <datafield tag="942" ind1=" " ind2=" ">
    <subfield code="2">CL</subfield>
    <subfield code="c">T</subfield>
  </datafield>
  <datafield tag="999" ind1=" " ind2=" ">
    <subfield code="c">8724</subfield>
    <subfield code="d">8724</subfield>
  </datafield>
  <datafield tag="952" ind1=" " ind2=" ">
    <subfield code="0">0</subfield>
    <subfield code="1">0</subfield>
    <subfield code="2">CL</subfield>
    <subfield code="4">0</subfield>
    <subfield code="7">0</subfield>
    <subfield code="8">TG</subfield>
    <subfield code="a">BJHA</subfield>
    <subfield code="b">BJHA</subfield>
    <subfield code="c">GEN</subfield>
    <subfield code="d">2026-06-24</subfield>
    <subfield code="i">25-02599</subfield>
    <subfield code="l">0</subfield>
    <subfield code="o">CT CM-0018 AMBC 2025</subfield>
    <subfield code="p">25-02599</subfield>
    <subfield code="r">2026-06-24 19:54:20</subfield>
    <subfield code="t">e.1</subfield>
    <subfield code="w">2026-06-24</subfield>
    <subfield code="y">T</subfield>
  </datafield>
</record>
